[Event "Corus"]
[Site "Wijk aan Zee"]
[Date "2005.01.23"]
[Round "8"]
[White "Morozevich, Alexander"]
[Black "Polgar, Judit"]
[Result "1-0"]
[WhiteElo "2741"]
[BlackElo "2728"]
[Annotator "Tyomkin,D"]
[PlyCount "117"]
[EventDate "2005.01.15"]
[EventType "tourn"]
[EventRounds "13"]
[EventCountry "NED"]
[EventCategory "19"]
[SourceTitle "CBM 105"]
[Source "ChessBase"]
[SourceDate "2005.04.11"]
[SourceVersion "1"]
[SourceVersionDate "2005.04.11"]
[SourceQuality "1"]

1. d4 {The first win for Morozevich in Corus 2005 came only in round 8- Moro
managed to come back in the tournament after an horrible start for him( Alex
had scored 2 draws only in first seven rounds of Wijk aan Zee 2005).} Nf6 2.
Nf3 e6 3. g3 c5 4. Bg2 cxd4 5. Nxd4 d5 6. O-O e5 7. Nb3 Be6 8. Bg5 Nbd7 9. Nc3
h6 {Very risky move- black isn't developed and wastes time.. 9...Be7 is much
safer and probably gives black an equality.} (9... Be7 10. e3 (10. e4 dxe4 (
10... d4 11. Nd5 h6 12. Bd2 (12. Bxf6 $142) 12... O-O 13. c3 Bg4 14. Qe1 (14.
Nxf6+ Nxf6 15. f3 Be6 16. cxd4 exd4 17. e5 Nd5 18. f4 Ne3 $15) 14... Nxd5 15.
exd5 d3 $15 {0-1 Acosta,J-Damaso,R/Dos Hermanas 2004/EXT 2005 (39)}) 11. Bxf6
Nxf6 12. Nxe4 Qc7 $15 {1/2-1/2 Goric,E-Brkic,A/Vinkovci 2004/CBM 099 ext (26)})
10... h6 11. Bxf6 Nxf6 12. Qe2 (12. f4 $5) 12... Qb6 13. e4 dxe4 14. Nxe4 Rc8
15. Rfd1 O-O 16. Nxf6+ Bxf6 17. Bd5 e4 (17... a5 $5 18. Bxe6 fxe6 19. a4 e4 $15
{[%csl Rf2]}) 18. Bxe4 (18. c3 Bxd5 19. Rxd5 Rfe8 20. Re1 $11) 18... Rfe8 19.
Qf3 Rc4 (19... a5 20. c3 $1 (20. a4 Qb4 $1 $15) 20... a4 21. Nd4 Qxb2 22. Nxe6)
20. c3 Bg4 21. Qxg4 Rcxe4 22. Qf3 Re2 {1/2-1/2 Yandemirov,V-Lugovoi,A/St
Petersburg 2003/EXT 2004}) 10. Bxf6 Nxf6 11. Qd3 {11.f4 is premature.} (11. f4
d4 12. Ne4 Ng4 13. Qd3 Ne3 (13... Qb6 $5) 14. Qb5+ Qd7 15. Qxe5 f6 16. Qxd4
Nxg2 17. Kxg2 Bh3+ 18. Kf3 Qxd4 19. Nxd4 f5 {1/2-1/2 Itkis,B-Prokopchuk,E/
Alushta 1997/EXT 99}) 11... Qd7 {11...Rc8 doesn't solve black problems
completely, however it's worth a try.} (11... Rc8 12. Rad1 d4 13. Qb5+ Nd7 14.
Nd5 Rxc2 15. Rc1 Rxc1 16. Rxc1 Bd6 17. Qxb7 (17. Na5 $5 a6 18. Qxb7 $14) 17...
O-O 18. Qxa7 Qb8 (18... Nf6 $1) 19. Qa6 Rd8 20. Rc6 Bf8 21. Rxe6 {1-0 Simic,
R-Horvath,J/Igalo 1994/EXT 2002 (45)}) 12. Rad1 d4 {Black can sacrifice an a7
pawn by Rd8, but black completes the development and gets a counterplay in
that case.} (12... Rd8 $5 13. Qe3 Qc7 14. Qxa7 Be7 15. f4 $1 O-O 16. fxe5 Qxe5
17. Qd4 Qg5 {and this position isn't very clear.}) 13. Ne4 Nxe4 $146 {This
move is definitely better than 13...Rc8 previously played in this position,
however black suffers in this case as well.} (13... Rc8 14. c3 (14. Nxf6+ gxf6
15. Qf3 Be7 16. c3 Bg4 17. Qe4 Bf5 {0-1 Panelo Munoz,M-Hernando Rodrigo,J/
Castellar del Valles 2004/CBM 101 ext (27)}) 14... dxc3 15. Qf3 $16 {1-0
Anikaev,Y-Totsky,L/Smolensk 1991/EXT 2000 (21)}) 14. Qxe4 Bd6 15. f4 (15. c3 f5
16. Qd3 (16. Qxb7 Qxb7 17. Bxb7 Rb8 18. Bc6+ Ke7 19. cxd4 Bxb3 20. axb3 Rxb3
21. dxe5 Bxe5 {with some chances for a draw.}) 16... Rd8 17. cxd4 e4 18. Qe3
O-O {and black has a compensation here.}) 15... Bxb3 $2 {This move leads to
serious troubles. 15...f5 looks very risky but that's the best black can do
here.} (15... f5 $142 16. Qd3 (16. Qxb7 Qxb7 17. Bxb7 Rd8 18. fxe5 Bxe5 19. Nc5
Ke7 {and black has a strong counterplay.}) 16... Rc8 $1 (16... O-O 17. fxe5
Bxe5 18. Nxd4 $16) 17. fxe5 Bxe5 18. e3 O-O 19. Qd2 $14) 16. axb3 Qe7 17. Qxb7
$2 {17.fxe5 would cause black much more troubles!} (17. fxe5 $1 Bxe5 (17...
Qxe5 18. Rxd4 O-O 19. Qxe5 Bxe5 20. Rd7 $16 {[%csl Rb7,Rf7]}) 18. e3 dxe3 19.
Qa4+ Kf8 20. Rd7 e2 21. Rxe7 exf1=Q+ 22. Kxf1 Kxe7 23. Qe4 $18) 17... Qxb7 18.
Bxb7 Rd8 19. Bc6+ Ke7 20. fxe5 Bxe5 21. Ra1 Bb8 {Judit could try 21...d3 here
however white had a way for an advantage in this line.} (21... d3 $5 22. cxd3 (
22. exd3 Rc8 23. Ra6 Bd4+ 24. Kh1 Bb6 25. Bd5 Rxc2 26. Rxf7+ Kd8 $16 {but this
was an excellent chance for black to fight for a draw.}) 22... Bd4+ 23. Kg2 Rd6
24. Bb5 $16) 22. Ra4 (22. Rf5 g6 23. Rb5 Rd6 24. Rb7+ Ke6 {and black survives.}
) 22... h5 23. Rb4 {Moro blew off almost all his advantage with his next moves.
} (23. c3 $5 Rh6 (23... dxc3 24. bxc3 $16 {[%cal Ga4e4]}) 24. Be4 Rhd6 25. Bd3
$16) 23... Rc8 24. Be4 Bd6 25. Rc4 Rxc4 26. bxc4 g6 {Draw is very likely here
but Judit messed it up in a time trouble.} (26... Rb8 $142 27. b3 g6 28. Ra1
Bc5 29. Kg2 {but white has almost nothing left from his advantage.}) 27. Bd5
Rf8 {Hard to explain this move of Judit....I think black could safely advance
the f-pawn.} (27... f5 28. Ra1 Bc5 29. Kf1 h4 $132) 28. Ra1 Bc5 29. Kf1 f5 30.
Ra5 Bb6 31. Ra6 f4 32. Ke1 fxg3 33. hxg3 Rf6 34. Kd2 $6 {I am not sure why
Moro rejected b2-b4 move- seems like white gets good winning chances that way.
While after the game move black stops b2-b4.} (34. b4 g5 (34... Bc5 35. Ra4 $16
) 35. Kd1 $1 $16 (35. c5 $2 Bxc5 36. Rxf6 Bxb4+)) 34... Bc5 35. Ra4 a5 $1 36.
Kd3 Bb6 {Judit missed a big chance here! Paradoxial 36...Ra6 freezes the
queenside and probably gives black a draw.} (36... Ra6 $1 37. Ra1 $140 a4 $1)
37. c5 $1 {Now Moro breaks in.} Bxc5 38. Rxa5 Bb6 39. Rb5 Bc7 $6 {One more
mistake in a time trouble. 39...Rd6 is much more resistant.} (39... Rd6 40. b4
Kd8 41. Be4 {but white must work hard to win this ending.}) 40. Rb7 Kd8 41.
Kxd4 Bxg3 42. c4 h4 43. e4 (43. Rh7 Rb6 $1) 43... Rf1 $2 {This was necessary
to cut off white rook from the kingside!} (43... Bc7 $1 {and white's win is
still a big question here!}) 44. Rh7 Rb1 45. e5 $1 $18 {Black king is
vulnerable now as well as white pieces cooperate perfectly.} Rd1+ (45... Rxb2
46. e6 Re2 47. Be4 Re1 48. Rd7+ Kc8 49. Rg7 Kd8 50. Kd5 Rd1+ 51. Kc5 Rd6 52.
e7+ Kd7 53. Bxg6 $18) 46. Kc5 Bxe5 47. b4 Bg3 {47...g5 was a last chance for
Polgar in this game, but black loses anyhow.} (47... g5 48. Kc6 $1 $18 {
[%cal Gc4c5,Gb4b5]}) 48. b5 Rb1 49. Kc6 Bf2 50. Rd7+ (50. c5 $2 Rc1) 50... Ke8
(50... Kc8 51. Rf7 {[%cal Gf7f8,Gf7f2]}) 51. Bf7+ Kf8 52. Bxg6 {The rest is
simple for white- two connected passers of white decide the game easily.} Rb2
53. Rf7+ Kg8 54. Rxf2 $1 {Moro chooses the most beautiful way to win the game!}
Rxf2 55. b6 $1 Kg7 (55... Rf6+ 56. Kc5 $18) 56. b7 Rb2 57. Be4 Kf6 58. c5 Rb4
59. Bh1 1-0

[Event "RUS-Cup6"]
[Site "Krasnodar"]
[Date "1997.??.??"]
[Round "8"]
[White "Koniushkov, Igor"]
[Black "Ulybin, Mikhail"]
[Result "0-1"]
[WhiteElo "2405"]
[BlackElo "2555"]
[Annotator "Tyomkin,D"]
[PlyCount "98"]
[EventDate "1997.03.11"]
[EventType "swiss"]
[EventRounds "9"]
[EventCountry "RUS"]
[SourceTitle "EXT 2000"]
[Source "ChessBase"]
[SourceDate "1999.11.16"]
[SourceVersion "1"]
[SourceVersionDate "1999.11.16"]
[SourceQuality "1"]

1. d4 e6 2. Nf3 Nf6 3. g3 c5 4. Bg2 cxd4 5. Nxd4 d5 6. O-O e5 7. Nb3 Be6 8. Nc3
Be7 9. f4 exf4 10. gxf4 g6 11. Nd4 (11. Kh1 {Romanishin,O} Nc6 12. Be3 O-O 13.
Nd4 Ng4 (13... Qd7 14. f5 Nxd4 15. Bxd4 (15. fxe6 Nxe6 16. Nxd5 Nxd5 17. Qxd5
$14) 15... Bxf5 16. Bxf6 Bxf6 17. Nxd5 Bd8 $8 (17... Bxb2 18. Rxf5 $1 gxf5 19.
Rb1 $18) 18. Qd4 $14) 14. Nxe6 fxe6 15. Bg1 Nh6 16. e4 dxe4 17. Nxe4 Qc7 18. c3
$1 $14 {Romanishin,O-Ulybin,M/Moscow (ol) 1994/1/2-1/2 (69)}) 11... Bc5 $5 $146
(11... Bg4 {Tyomkin,D} 12. h3 $1 (12. Qd3 Nc6 13. h3 {1/2-1/2 Krasenkov,
M-Horvath,J/Budapest Noviki-A 1989}) 12... Bh5 $140 13. Nb3 {[%csl Rd5]}) 12.
Na4 Bxd4+ 13. Qxd4 Nc6 14. Qc3 $6 (14. Qd3 $5 Qa5 (14... Qe7 15. Be3 {[%csl
Yc5]}) 15. Nc3 $13) 14... d4 $1 15. Qa3 (15. Bxc6+ $142 bxc6 16. Qxc6+ Kf8 $1 (
16... Bd7 17. Qc4 $16) 17. Nc5 Bf5 $44) 15... Bd5 {now white sacrifices P
hoping to get attacking chances against blackK missing very strong defencive
manoeuvre of blackQ:} 16. e4 $6 Nxe4 17. c4 (17. Nc5 Nxc5 18. Qxc5 Bxg2 19.
Re1+ Kd7 $1 $17) 17... dxc3 18. bxc3 f5 19. Rd1 Qh4 $1 {[%cal Yh4f2]} 20. Be3 (
20. Rxd5 $4 Qf2+ 21. Kh1 Qe1+ 22. Bf1 Qxf1#) 20... Qe7 $1 {[%csl Ra3] now
white Q is unprotected} 21. Bc5 $4 (21. Qb2 O-O-O $17) 21... Nxc5 $19 22. Bxd5
(22. Qxc5 Bxg2 $19) (22. Rxd5 Qe3+ 23. Kh1 Ne4 $19) (22. Nxc5 Bxg2 23. Kxg2 O-O
$19 24. Re1 Qh4 {[%csl Rf4,Rg2]}) 22... Qe3+ 23. Kg2 Qe2+ 24. Kg1 Qe3+ 25. Kg2
Qe2+ (25... Nd3 $4 26. Rxd3 Qxd3 27. Re1+ $18) 26. Kg1 Ne4 $1 27. Bxe4 (27. Qb2
Qxb2 (27... Qe3+ 28. Kg2 Qxf4 29. Qxb7 Qf2+ 30. Kh1 Qf3+ 31. Kg1 Qg4+ 32. Kf1
$11) (27... Qg4+ 28. Kh1 Rc8 (28... O-O-O 29. Rab1 $132) 29. Rf1) 28. Nxb2 Nxc3
29. Re1+ Kd7 $19) 27... Qe3+ $19 {Black gives a number of checks to pass a
time-trouble} 28. Kg2 Qe2+ 29. Kg1 Qe3+ 30. Kg2 Qxe4+ 31. Kg1 Qe3+ 32. Kg2 Qe4+
33. Kg1 Qe3+ 34. Kg2 Qe4+ 35. Kg1 Qe3+ 36. Kg2 Qe2+ 37. Kg1 Qg4+ 38. Kh1 Qf3+
39. Kg1 Qg4+ 40. Kh1 Qf3+ 41. Kg1 Rd8 $1 42. Rxd8+ $2 (42. Re1+ $142 Kf7 {
[%cal Yf7g7,Yg7h6]} (42... Kd7 43. Nc5+ Kc8 44. Qb3 Na5 45. Qe6+ Kb8 $17) 43.
Qb3+ Kg7 44. Qxb7+ Kh6 45. Qa6 Qxf4 $1 $19 46. Qxc6 $140 Rd2) 42... Kxd8 $19 {
[%csl Rg1][%cal Gd8c8,Gc8b8,Gb8a8,Yh8e8,Ye8d8]} 43. Qd6+ Kc8 44. Qe6+ Kb8 45.
Qd6+ Ka8 46. Re1 Rd8 47. Qc7 Rd1 48. Qc8+ Nb8 49. Qe8 Rd2 (49... Rd2 50. Nb6+
axb6 51. Qa4+ Na6 52. Re8+ Ka7) 0-1

[Event "RUS-Cup7"]
[Site "Kstovo"]
[Date "1997.05.01"]
[Round "1"]
[White "Usov, Alexey B"]
[Black "Burmakin, Vladimir"]
[Result "0-1"]
[WhiteElo "2340"]
[BlackElo "2530"]
[Annotator "Tyomkin,D"]
[PlyCount "56"]
[EventDate "1997.05.01"]
[EventType "swiss"]
[EventRounds "9"]
[EventCountry "RUS"]
[SourceTitle "CBM 059"]
[Source "ChessBase"]
[SourceDate "1997.08.01"]
[SourceVersion "1"]
[SourceVersionDate "1997.08.01"]
[SourceQuality "1"]

1. d4 d5 2. Nf3 c6 3. Bf4 Qb6 4. b3 Bf5 5. e3 Nd7 $146 (5... e6 {Tyomkin,D} 6.
Bd3 Bxd3 7. Qxd3 (7. cxd3 $5) 7... Nf6 8. O-O Nbd7 9. c4 Qa6 10. Nbd2 Rd8 11.
Qc2 Be7 12. c5 (12. e4 dxe4 13. Nxe4 Nxe4 14. Qxe4 Nf6 15. Qe3 $14 {/=}) 12...
Nh5 13. b4 Nxf4 14. exf4 b6 15. cxb6 Qxb6 16. a3 O-O 17. Nb3 $14 {Schlindwein
Rolf-Tregubov Pavel V/It (open), Cappelle la Grande (France) 19951/2-1/2(27)})
(5... Nf6 {Tyomkin,D} 6. Be2 h6 7. h3 e6 8. O-O Nbd7 9. c4 Be7 10. c5 Qd8 11.
Nc3 Ne4 12. Nxe4 Bxe4 13. Ne5 (13. b4 $14 {[%cal Ga2a4,Yb4b5]}) 13... O-O 14.
b4 Re8 15. Qd2 Nxe5 16. Bxe5 Bf6 17. Bxf6 Qxf6 18. f3 Bg6 19. f4 Qe7 20. Bd3
Bxd3 21. Qxd3 f6 $11 {[%cal Ge6e5] Matlak,M-Murdzia,P/Ch Poland (team),
Lubniewice,1995/1/2-1/2(25)}) 6. Nh4 $6 (6. Bd3 $142) ({or} 6. Be2 {[%cal
Ge1g1,Yc2c4]}) 6... Be4 7. f3 Bg6 8. Nxg6 hxg6 9. c4 dxc4 10. Bxc4 e5 $1 $15 {
[%cal Gf8b4] quiet typical idea for this type of positions.Black tries to
seize the initiative right from the opening.} 11. Bg3 (11. dxe5 Qa5+ 12. Nd2
Nxe5 $15) 11... Bb4+ 12. Kf1 Nh6 $1 {[%cal Gh6f5]} 13. a3 Be7 14. Bf2 Nf5 15.
Ra2 Bh4 $1 {[%csl Re3]} 16. g4 (16. g3 $4 Bxg3 {[%csl Re3,Rh1]}) (16. Bg1 Bf6
$17 {[%csl Rd4][%cal Rf5g3]}) 16... Bxf2 17. gxf5 $4 (17. Kxf2 Nd6 $15 (17...
exd4 $5 18. gxf5 dxe3+ 19. Ke2 O-O-O (19... gxf5 $2 20. Bxf7+) 20. fxg6 Ne5 21.
Qc2 fxg6 $44 (21... Nxg6 22. Qf5+ Rd7 23. Bxf7 $16)) 18. Be2 O-O-O 19. dxe5
Nxe5 20. Qd4 Qxd4 21. exd4 Nd7 {[%csl Rd4] <->h}) 17... Bxe3 $19 18. dxe5 $2 (
18. fxg6 $142 O-O-O (18... fxg6 19. Qd3 {[%csl Ge3,Gg6]} exd4 20. Qxg6+ Kd8 21.
Qxg7 $15) 19. gxf7 exd4 $19 {[%csl Rf1]}) 18... Nxe5 (18... O-O-O 19. e6 Ne5
20. Qe2 gxf5 21. exf7 {[%csl Rf7][%cal Gc4e6] with some chances for white}) 19.
fxg6 Nxg6 20. Qd3 Nf4 (20... Ne5 21. Bxf7+ Kxf7 22. Qf5+ Kg8 23. Qxe5 Qxb3 24.
Rb2 Qd3+ $19) 21. Qe4+ Kf8 22. Qf5 Qc7 23. Nc3 Rd8 24. Be2 Rh5 25. Qe4 Re8 26.
Qb1 Qd7 {[%cal Rd7h3]} 27. h4 Qe7 {[%csl Rh4]} 28. Ne4 Rxh4 0-1

[Event "North Bay op"]
[Site "North Bay"]
[Date "1998.??.??"]
[Round "6"]
[White "Tyomkin, Dimitri"]
[Black "Day, Lawrence A"]
[Result "1-0"]
[WhiteElo "2465"]
[BlackElo "2355"]
[Annotator "Tyomkin,D"]
[PlyCount "73"]
[EventDate "1998.08.??"]
[EventType "swiss"]
[EventRounds "9"]
[EventCountry "CAN"]
[SourceTitle "CBM 066"]
[Source "ChessBase"]
[SourceDate "1998.09.30"]
[SourceVersion "1"]
[SourceVersionDate "1998.09.30"]
[SourceQuality "1"]

1. d4 Nc6 2. Nf3 d5 3. g3 {Facing unusual opening I decided to play unusual
too!} Bf5 4. Bg2 Nb4 5. Na3 e6 6. O-O (6. Nh4 $5) (6. c3 Nc6 7. Qb3 Rb8 8. Nh4
Bg4 9. e4 dxe4 10. Bxe4 Nf6 {Timman,J-Nogueiras,J/Erevan olm 1996}) 6... h6 {
Saving bishop,but wasting important time in the opening.} (6... Be7 7. c3 Na6
8. Qb3 (8. c4 c6 9. Nc2 Nf6 10. b3 O-O 11. Bb2 Be4 $1 {Vyzmanavin,A-Morozevich,
A/New York PCA 1995}) (8. Nb1 Nf6 9. Bg5 O-O 10. Nbd2 h6 11. Bxf6 Bxf6 12. Re1
c5 {Sosonko,G-Kaminski,M/Rubinstein mem 1995}) 8... Qc8 9. Re1 c6 10. Bg5 Be4
11. Bxe7 Nxe7 12. Nb1 $1 {Nbd2} Bxf3 13. Bxf3 O-O 14. e4 $14 {Bareev,
E-Morozevich,A/RUS-ch 1995}) (6... Nf6 7. c3 Nc6 8. Qb3 Rb8 9. Nh4 Bg4 10. f3
Bh5 11. e4 Be7 12. g4 Bg6 13. g5 Nh5 14. exd5 $16 {Nikolic,P-Arencibia,W/
Erevan olm 1996}) 7. c4 c6 8. Bd2 $5 $146 {[%cal Rd1b3,Gc4c5] Qb3} ({I was
really surprised tofind in my database that all this was played in next game
which was brilliantly won by Russian GM Loginov:} 8. Qb3 {Actually the same
idea to remove black knight from b4.} dxc4 9. Nxc4 Nc2 10. Nh4 $1 Qd7 (10...
Nxa1 11. Qxb7 Rc8 12. Nxf5 exf5 13. Bxc6+ Rxc6 14. Qxc6+ Qd7 15. Qa8+ Qd8 16.
Qxa7 $16) 11. Nxf5 Nxa1 12. Qxb7 $1 Qxb7 13. Nfd6+ Bxd6 14. Nxd6+ Kf8 15. Nxb7
Nc2 16. Rd1 Nb4 17. Bf4 Ne7 18. Bd6 Nbd5 19. Rc1 Rc8 20. e4 Nb6 21. Bf1 Rg8 22.
Ba6 {1-0 Loginov,V-Varga,Z/Budapest FS06 GM 1993}) 8... Na6 9. Qa4 $1 {[%cal
Gb2b4,Gb4b5]} Bxa3 (9... Nf6 10. b4 $1 {b5}) 10. Qxa3 Ne7 (10... Qe7 11. Qa4 {
[%cal Gb2b4] b4}) 11. Ba5 $1 Nc7 (11... b6 12. Bd2 Nc7 13. Bb4 $16 {[%csl Rc7,
Re7]}) 12. cxd5 exd5 (12... Nexd5 13. Ne5 {[%cal Ge2e4]}) 13. Nh4 $1 {Still
not permitting black to castle.} Be6 $6 (13... O-O $2 14. Bb4 {[%csl Re7,Rf5]})
14. f4 b6 (14... O-O 15. f5 {and f6}) 15. Bd2 (15. Bb4 $6 a5) 15... Qd7 16. Qd3
{[%cal Rf4f5] f5} Nf5 17. Nf3 {[%cal Gf3e5,Gg3g4,Yf4f5]} f6 18. g4 Ne7 (18...
Nd6 19. f5 Bf7 20. Bf4 O-O 21. Nd2 $16) 19. f5 Bf7 20. Rac1 $1 a5 (20... O-O
21. Bb4 $16) 21. Qb3 b5 22. Bf4 O-O {[#] Finally black has managed to castle,
but his position is completely destroyed.} 23. Ne1 $1 {[%cal Gb3g3,Ge1d3,Yc1c2,
Yf1c1] White transfers his pieces to better places:Q comes to g3,and N to d3.}
(23. Bxc7 $6 Qxc7 24. Qxb5 Rab8 {getting some counterplay}) 23... a4 24. Qg3
Na6 25. Nd3 Rfe8 26. Rc2 {White prepares to double the rooks over the c-file.}
Rac8 27. e3 c5 $6 {Black didn't stand the pressure!} 28. Nxc5 Qa7 29. Bd6 Nb4
30. Rcf2 Nxa2 31. h4 $1 {[%csl Ra2,Rg8] That's the right time to upset black's
king.White's attack is desicive.} Qb6 32. g5 Kh8 33. gxf6 gxf6 34. Nd7 Qd8 35.
Nxf6 Rg8 36. Nxg8 Nxg8 37. f6 1-0

[Event "RUS-Cup6"]
[Site "Krasnodar"]
[Date "1997.??.??"]
[Round "8"]
[White "Zakharevich, Igor"]
[Black "Bigaliev, Renat Damirovich"]
[Result "1-0"]
[WhiteElo "2505"]
[BlackElo "2480"]
[Annotator "Tyomkin,D"]
[PlyCount "87"]
[EventDate "1997.03.11"]
[EventType "swiss"]
[EventRounds "9"]
[EventCountry "RUS"]
[SourceTitle "EXT 2000"]
[Source "ChessBase"]
[SourceDate "1999.11.16"]
[SourceVersion "1"]
[SourceVersionDate "1999.11.16"]
[SourceQuality "1"]

1. d4 d5 2. Nf3 Nc6 3. g3 Bg4 4. Bg2 e6 5. O-O Nf6 6. c4 Bd6 7. cxd5 (7. Nc3 {
Tyomkin,D} O-O 8. cxd5 Nxd5 9. h3 (9. e4 Nb6 10. b3 Bb4 11. Ne2 f5 12. e5 Nd5
13. Qd3 Be7 14. a3 Qd7 15. Ra2 Rad8 $11 {Marin-Antonio/32nd Chess Olympiad,
Yerevan 1996/1/2-1/2(33)}) 9... Bh5 10. e4 Nb6 11. b3 (11. g4 $5 Bg6 12. Re1
$13 (12. d5 $6 exd5 13. exd5 Nb4 14. Nd4 Re8 $15)) 11... f5 12. e5 Be7 13. Ne2
Nd5 14. Bb2 a5 15. a3 Na7 16. Qd2 c6 17. Ne1 Qb6 $11 {Todorcevic,M-Mohr,G/
Vidmar-mem 1989/1-0 (55)}) 7... exd5 (7... Nxd5 $5 8. e4 Nb6 9. h3 (9. Nc3 O-O
{-7.Nc3}) (9. d5 exd5 10. exd5 Ne5 {[%cal Ye8g8]}) 9... Bh5 (9... Bxf3 10. Bxf3
e5 11. d5 (11. dxe5 $14) 11... Nd4 12. Bg2 $14) 10. Nc3 {-7.Nc3}) 8. Nc3 $146 (
8. Bg5 {Tyomkin,D} Qd7 $2 (8... h6 $142) 9. Bxf6 gxf6 10. Nc3 Ne7 11. Qb3 (11.
e4 $5 $16) 11... c6 12. e4 Be6 13. exd5 Nxd5 14. Nxd5 Bxd5 15. Qe3+ Be6 16. Nh4
Be7 (16... O-O 17. Be4 $16 {[%cal Ge3h6]}) 17. Rfe1 O-O 18. Be4 Rfe8 (18... f5
$2 19. Nxf5 {[%csl Re7]}) 19. Qf3 Bg4 20. Bf5 Qxf5 21. Qxf5 Bxf5 22. Nxf5 Bb4
23. Re3 $16 {[%csl Rf5] _|_ Mainka,G-Breutigam,M/Dortmund op-A 1993/1-0(35)})
8... Qd7 {[%cal Yf6e4]} (8... O-O $6 9. Bg5 Be7 10. Ne5 $16) 9. Bg5 Ne4 10. Be3
(10. Nxe4 $5 dxe4 11. d5 Nb4 $1 (11... exf3 12. dxc6 Qxc6 13. exf3 Be6 14. f4
Qb5 15. a4 $1 $36) 12. Nd2 h6 13. Be3 Nxd5 14. Bd4 $1 (14. Nxe4 $2 Nxe3 15.
Nxd6+ cxd6 (15... Qxd6 16. Qxd6 cxd6 17. fxe3 Bxe2 18. Rfc1 $11) 16. fxe3 O-O
$15) 14... O-O (14... f5 15. f3 $36) 15. Nxe4 $14 {[%csl Rg2]}) 10... Nxc3 11.
bxc3 Na5 12. Nd2 {[%csl Rc4]} O-O (12... c6 13. Qa4 Qc7 14. f3 $14 {[%cal
Ge3f2,Ye2e4]}) 13. Bxd5 Bxg3 14. Bg2 (14. Bxf7+ $6 Rxf7 15. hxg3 (15. fxg3 $2
Re7 $17) 15... Qc6 {[%csl Rc3][%cal Gg4h3]}) 14... Bd6 15. f3 Be6 16. Bf2 $14 {
[%cal Ge2e4]} f5 17. e4 {()} fxe4 18. fxe4 Bf4 19. Bg3 Be3+ $6 (19... Bxg3 $142
20. hxg3 Rxf1+ 21. Qxf1 $14) 20. Kh1 c6 21. Qe2 Bxd2 22. Qxd2 Bh3 (22... Nc4
23. Qe2 $14 {()^^}) 23. Qd3 Bxg2+ 24. Kxg2 Qe6 $6 (24... b5 $142 {[%cal Ya5c4]}
) 25. d5 $1 $16 {o^d} cxd5 26. exd5 Qd7 27. Rxf8+ Rxf8 28. Re1 {[%cal Gd5d6,
Ye1e7] o^d} b5 {[%cal Ya5c4]} 29. d6 Qc6+ 30. Qe4 Qxe4+ (30... Qxc3 $2 31. Qd5+
Kh8 32. d7 Qf6 33. Qxb5 Nc6 34. Rf1 $18) 31. Rxe4 Rd8 32. a4 a6 33. axb5 axb5
34. Re7 Kf8 (34... Nc4 35. d7 Kf8 36. Bh4 {[%cal Re7g7]} Nb6 37. Re6 $1 Nd5 38.
Bxd8 Nf4+ 39. Kg3 Nxe6 40. Bg5 $18) 35. Rc7 Nc4 $4 (35... h6 36. Be5 Nc4 37.
Bxg7+ Kg8 38. Bxh6 Rxd6 $16) 36. Bh4 $18 Rxd6 37. Be7+ Kg8 38. Bxd6 Nxd6 39.
Rc6 Ne4 40. Kf3 Nd2+ 41. Ke2 Ne4 42. Ke3 Nf6 43. h3 Kf7 44. Rc5 1-0

[Event "AUT-ch"]
[Site "Voitsberg"]
[Date "1995.??.??"]
[Round "9"]
[White "Stanec, Nikolaus"]
[Black "Weinzettl, Ernst"]
[Result "1/2-1/2"]
[WhiteElo "2480"]
[BlackElo "2390"]
[Annotator "Weinzettl,E"]
[PlyCount "36"]
[EventDate "1995.??.??"]
[EventType "tourn"]
[EventRounds "15"]
[EventCountry "AUT"]
[EventCategory "5"]
[SourceTitle "CBM 049 Extra"]
[Source "ChessBase"]
[SourceDate "1996.01.01"]
[SourceVersion "1"]
[SourceVersionDate "1996.01.01"]
[SourceQuality "1"]

1. Nf3 d5 2. g3 c6 3. Bg2 g6 4. O-O Bg7 5. d4 Nf6 6. Ne5 Bf5 7. c4 Bxb1 8. Rxb1
O-O 9. cxd5 (9. b4 {/\ b5}) 9... cxd5 10. Qb3 Qb6 11. Bxd5 (11. Qxb6 axb6 12.
a3 Rc8 $10) (11. Bf4) (11. Bg5) 11... Nxd5 12. Qxd5 Nc6 13. Nxc6 (13. Nd7 $4
Qd8 14. e4 e6 15. Qd6 Nb8 $19) 13... bxc6 14. Qc4 Bxd4 $10 15. Bg5 Rfe8 16. b4
Rad8 17. Rbc1 Rd5 18. Bf4 a5 1/2-1/2

[Event "RUS-Cup5"]
[Site "Ekaterinburg"]
[Date "1997.??.??"]
[Round "1"]
[White "Isaev, Jamshed"]
[Black "Yakovich, Yuri"]
[Result "0-1"]
[WhiteElo "2445"]
[BlackElo "2575"]
[Annotator "Yakovich,Y"]
[PlyCount "68"]
[EventDate "1997.02.13"]
[EventType "swiss"]
[EventRounds "9"]
[EventCountry "RUS"]
[SourceTitle "CBM 057 Extra"]
[Source "ChessBase"]
[SourceDate "1997.05.01"]
[SourceVersion "1"]
[SourceVersionDate "1997.05.01"]
[SourceQuality "1"]

1. d4 Nf6 2. g3 d5 3. Bg2 c5 4. Nf3 cxd4 5. O-O h6 $5 $146 {><g5} 6. Bf4 (6.
Nxd4 e5 7. Nb3 Nc6 $13) 6... Nbd7 7. Qxd4 e6 8. Nc3 $1 Bc5 9. Qd3 b6 $1 (9...
Be7 10. Nb5 O-O 11. Bc7 Qe8 12. Nd6) (9... Bb6 10. Bd6 Nc5 11. Bxc5 Bxc5 12.
Qb5+ Nd7 13. e4) 10. e4 Bb7 11. exd5 (11. e5 $6 Ne4) 11... Nxd5 12. Nxd5 Bxd5
13. c4 (13. b4 $2 Bxb4 14. Qd4 Be7) 13... Bc6 14. Rad1 Qc8 $1 (14... O-O $2 15.
Ng5 hxg5 16. Bxc6 $16) (14... Rc8 $2 15. Qc3 O-O 16. Ne5 $18) 15. Rfe1 (15. Bd6
Qb7 16. b4 (16. Rfe1 $5 Bxd6 (16... Rd8 $4 17. Rxe6+ fxe6 18. Qg6#) 17. Qxd6
O-O-O 18. Qf4 Nc5 $11) 16... Bxd6 17. Qxd6 Nf6 (17... Rd8 $5 $11) 18. Nh4 Bxg2
19. Nxg2 Ne4 $11) 15... O-O 16. Qc3 a5 $1 17. a3 a4 18. Re2 (18. Bd6 Rd8 $11)
18... Be7 19. Bd6 Bxd6 20. Rxd6 Ra7 $1 $15 21. Qb4 Rc7 22. Nd2 Bxg2 23. Kxg2
Rc6 $1 $138 24. Rd4 $138 Nc5 25. Nf3 Qb7 26. Qc3 Rcc8 $1 {<->d} 27. Kg1 (27.
Red2 $2 Ne4) 27... Rcd8 $17 28. Re1 Rxd4 29. Nxd4 Rd8 30. Re3 $2 Ne4 31. Qd3
Ng5 32. h4 (32. f3 Qd7) 32... Nh3+ 33. Kh2 Nxf2 34. Qe2 Qh1# 0-1